10 Biggest Cities in Bangladesh - Statistics

General Stats
  • This quiz has been taken 459 times
  • The average score is 4 of 10
Answer Stats
Population City % Correct
10 355 000 Dhaka
99%
3 920 000 Chittagong
89%
1 340 000 Khulna
59%
700 000 Rajshahi
50%
345 000 Rangpur City
43%
390 000 Comilla
25%
255 000 Cox's Bazar
25%
245 000 Jessore
20%
335 000 Tongi
12%
280 000 Narsingdi
8%
No matching quizzes found
Score Distribution
Percent of People with Each Score
Percentile by Number Answered
Your Score History
You have not taken this quiz